Seinfeld Episodes by Letter Quiz Stats

 Plays Quiz Updated Mar 16, 2020

Support Sporcle.
Go Orange.
Score 0/23 Timer 05:00
0 Plays Today
Letter Episode % Correct
S(The) Scofflaw, (The) Secret Code, (The) Secretary...
83.9%
P(The) Package, (The) Parking Garage, (The) Parking Space...
82.3%
C(The) Caddy, (The) Cadillac, (The) Cafe...
80%
B(The) Baby Shower, (The) Barber, (The) Beard...
69.7%
M(The) Maestro, (The) Maid, Male Unbonding...
62.7%
F(The) Face Painter, (The) Fatigues, (The) Finale: Part 1...
61.5%
Y(The) Yada Yada
53.7%
R(The) Race, (The) Raincoats, (The) Red Dot...
51.4%
L(The) Label Maker, (The) Letter, (The) Library...
51.2%
J(The) Jacket, (The) Jimmy, (The) Junior Mint...
50.7%
D(The) Deal, (The) Dealership, (The) Dinner Party...
45.8%
A(The) Abstinence, (The) Airport, (The) Alternate Side...
44.8%
Letter Episode % Correct
H(The) Hamptons, (The) Handicap Spot, (The) Heart Attack...
43.7%
V(The) Van Buren Boys, (The) Virgin, (The) Visa...
42.9%
O(The) Old Man, (The) Opera, (The) Opposite...
40.4%
W(The) Wait Out, (The) Wallet, (The) Watch...
36.3%
T(The) Tape, (The) Ticket, (The) Trip: Part 1...
32%
K(The) Keys, (The) Kiss Hello
30.5%
E(The) Engagement, (The) English Patient, (The) Ex-Girlfriend
28.6%
N(The) Nap, (The) Non-Fat Yogurt, (The) Nose Job...
28.4%
G(The) Glasses, (The) Good Samaritan, (The) Gum...
26.1%
U(The) Understudy
23.8%
I(The) Implant, (The) Invitations
23.6%

You're not logged in!

Compare scores with friends on all Sporcle quizzes.
OR
Log In

From the Vault

Three Movies: 'S' Actors

by aquascape

These actors are stars with a capital S.
Remove Ads.
Support Sporcle.
Get the best of Sporcle when you Go Orange. This ad-free experience offers more features, more stats, and more fun while also helping to support Sporcle. Thank you for becoming a member.

Show Comments

Extras

Top Quizzes Today


Score Distribution

Your Account Isn't Verified!

In order to create a playlist on Sporcle, you need to verify the email address you used during registration. Go to your Sporcle Settings to finish the process.

Report this User

Report this user for behavior that violates our Community Guidelines.

Details: